000 00597nam a22001817a 4500
008 160318b xxu||||| |||| 00| 0 eng d
020 _a1617740800
040 _aKABU
_cKABU
050 _aMT120
_b.K55 2013
100 _aKimball, Carol
245 _aArt Song
_blinking poetry and music
_cby carol kimball
260 _aU.S.A
_bhal Leonard corporation
_c2013
300 _a397P.
650 _aSongs
_xAnalysis, appreciation
650 _aSongs
_xInterpretation(phrasing, dynamics, etc.)
650 _aSongs
_xHistory and criticism
942 _2lcc
_cBK
_hMT120 .K55 2013 C.1
999 _c15867
_d15867